00281nam a2200121Ia 4500008004100000041000800041082001400049100001900063245002500082260003100107300001400138365000700152240624s9999 xx 000 0 und d aeng a658.8 DAW aIACOBUCCI DAWN aKELLOGG ON MARKETING c2001aNew YorkbJohn Wiley axx, : 427 cRS